000 00601nam a2200229Ia 4500
003 OSt
005 20221006164147.0
006 a|||||r|||| 00| 0
007 ta
008 221006b |||||||| |||| 00| 0 eng d
024 _a2,882
037 _cTextual
040 _aFML
_cFML
_beng
041 _2eng
_aeng
082 _aNRV52, N3 -; 1
100 _aSharma Bhagwat Sharan Au.
_9676737
245 0 _aMy Sitar
260 _aDelhi
_bVijay Prakashan
_c1993
300 _a68
_ccm.
942 _hNRV52, N3 -; 1
_cTEXL
_2CC
999 _c1116388
_d1116388